000 00363nam a2200145Ia 4500
008 230917s9999||||xx |||||||||||||| ||und||
040 _e126879
_aMAIN
041 _aEnglish
082 _a658.054678 S93E
100 _aShurety, Samantha
245 0 _ae-business withnet commerce
260 _aDelhi
_bPearson Education
_c2000
300 _a718p p.
942 _cBK
999 _c105198
_d105198